Online katalóg knižníc regiónu Turca

Kniha proroctiev (Record no. 21411)

MARC details
000 -LEADER
fixed length control field 01943cam a2200529 a 4500
001 - CONTROL NUMBER
control field 21411
003 - CONTROL NUMBER IDENTIFIER
control field VRT
005 - DATE AND TIME OF LATEST TRANSACTION
control field 20260228145258.0
008 - FIXED-LENGTH DATA ELEMENTS--GENERAL INFORMATION
fixed length control field 240315s2014 xo oab g n 000 0 slo
015 ## - NATIONAL BIBLIOGRAPHY NUMBER
National bibliography number SNBA2015/02
020 ## - INTERNATIONAL STANDARD BOOK NUMBER
International Standard Book Number 9788007023673
Qualifying information (brož.)
035 ## - SYSTEM CONTROL NUMBER
System control number 6ECF2C21-C9ED-4394-B4D0-47155E457FF4
035 ## - SYSTEM CONTROL NUMBER
System control number urn:nbn:sk:snk-amjp21
035 ## - SYSTEM CONTROL NUMBER
System control number urn:nbn:sk:snk-am000xie
039 #9 - LEVEL OF BIBLIOGRAPHIC CONTROL AND CODING DETAIL [OBSOLETE]
Level of rules in bibliographic description 202403152208
Level of effort used to assign nonsubject heading access points VLOAD
Level of effort used to assign subject headings 201604291517
Level of effort used to assign classification VLOAD
Level of effort used to assign subject headings 201604271829
Level of effort used to assign classification VLOAD
Level of effort used to assign subject headings 201604201022
Level of effort used to assign classification mvthk05
040 ## - CATALOGING SOURCE
Original cataloging agency TVZK
Language of cataloging slo
Transcribing agency TVZK
Modifying agency SVKBB
-- SNK
Description conventions AACR2
041 1# - LANGUAGE CODE
Language code of text/sound track or separate title slo
Language code of original spa
044 ## - COUNTRY OF PUBLISHING/PRODUCING ENTITY CODE
MARC country code xo
ISO country code SK
072 #7 - SUBJECT CATEGORY CODE
Subject category code 133
Subject category code subdivision Ezoterizmus. Okultizmus
Source konspekt
080 ## - UNIVERSAL DECIMAL CLASSIFICATION NUMBER
Universal Decimal Classification number 133.3
Edition identifier 2001
080 ## - UNIVERSAL DECIMAL CLASSIFICATION NUMBER
Universal Decimal Classification number 94(100)
Edition identifier 2001
080 ## - UNIVERSAL DECIMAL CLASSIFICATION NUMBER
Universal Decimal Classification number (0.062)
Edition identifier 2001
100 1# - MAIN ENTRY--PERSONAL NAME
Personal name Martin-Parker, Carlos
Relationship aut
240 13 - UNIFORM TITLE
Uniform title El libro de las profecías
Language of a work Slovensky
245 10 - TITLE STATEMENT
Title Kniha proroctiev
Statement of responsibility, etc. Carlos Martin-Parker ; [zo španielskeho originálu preložila Miroslava Mikulová ; foto Thomas Books]
250 ## - EDITION STATEMENT
Edition statement 1. vyd.
260 ## - PUBLICATION, DISTRIBUTION, ETC.
Place of publication, distribution, etc. Bratislava
Name of publisher, distributor, etc. Príroda
Date of publication, distribution, etc. 2014
300 ## - PHYSICAL DESCRIPTION
Extent 247 s.
Other physical details fareb. fotogr. a ilustr., mp.
Dimensions 25 cm
504 ## - BIBLIOGRAPHY, ETC. NOTE
Bibliography, etc. note Bibliogr.: s. 246 ; slovník vešteckých techník
650 07 - SUBJECT ADDED ENTRY--TOPICAL TERM
Topical term or geographic name entry element proroctvá
Source of heading or term SNKPH
650 07 - SUBJECT ADDED ENTRY--TOPICAL TERM
Topical term or geographic name entry element Twentieth century
General subdivision forecasts
Source of heading or term SNKPHeng
650 07 - SUBJECT ADDED ENTRY--TOPICAL TERM
Topical term or geographic name entry element Prophecies
Source of heading or term SNKPHeng
650 07 - SUBJECT ADDED ENTRY--TOPICAL TERM
Topical term or geographic name entry element svetové dejiny
General subdivision veštby
Source of heading or term SNKPH
655 #7 - INDEX TERM--GENRE/FORM
Genre/form data or focus term populárno-náučné publikácie
Source of term SNKPH
655 #7 - INDEX TERM--GENRE/FORM
Genre/form data or focus term Popular works
Source of term SNKPHeng
700 1# - ADDED ENTRY--PERSONAL NAME
Personal name Mikulová, Miroslava
Relationship trl
710 2# - ADDED ENTRY--CORPORATE NAME
Corporate name or jurisdiction name as entry element Thomas Books
Relationship pht
910 ## - USER-OPTION DATA (OCLC)
User-option data pokpoh
910 ## - USER-OPTION DATA (OCLC)
User-option data vthk
942 ## - ADDED ENTRY ELEMENTS (KOHA)
Source of classification or shelving scheme Dewey Decimal Classification
Koha item type Odborná literatúra pre dospelých
Suppress in OPAC No
949 ## - LOCAL PROCESSING INFORMATION (OCLC)
6 270001000479027
a svkbbB 52773
b svkbbm 750061
949 ## - LOCAL PROCESSING INFORMATION (OCLC)
6 17A1133984
a snkSC 162408
b snk2015/180
o 2670/14
s 6100:20140925
949 ## - LOCAL PROCESSING INFORMATION (OCLC)
6 17A1139067
a snkSC 162408 D1
b snk2015/6546
o 2670/14
949 ## - LOCAL PROCESSING INFORMATION (OCLC)
6 2889214427
a savukS 155763
b savuk2015/350
949 ## - LOCAL PROCESSING INFORMATION (OCLC)
6 273K0594438
a svkpoB 96222
b svkpo591518
Holdings
Stav vyradenia Strata Poškodenie Spôsob nadobudnutia Domovská knižnica Aktuálna knižnica Dátum nadobudnutia Total checkouts Čiarový kód exemplára Date last seen Typ exemplára
      Dar Obecná knižnica Horná Štubňa Obecná knižnica Horná Štubňa 28.02.2026   9788007023673 28.02.2026 Odborná literatúra pre dospelých
Projekt je podporený Slovenskou asociáciou knižníc
Prevádzkuje Turčianska knižnica Martin 2026